00908cam a2200265 a 450000100090000000300170000900500170002600800410004301000170008402000310010102000280013204000180016004300120017805000210019008200150021110000300022624500660025625000180032226000590034030000350039950400640043465000400049865100440053865100600058215603860ALUPE UNIVERSITY20210610115827.0090129s2010 njuab b 001 0 eng  a 2009002664 a9780205693573 (alk. paper) a0205693571 (alk. paper) aDLCcDLCdDLC ae-fr---00aDC148b.P67 201000a944.042221 aPopkin, Jeremy D.,d1948-12aA short history of the French Revolution /cJeremy D. Popkin. aFifth Edition aUpper Saddle River, N.J. :bPearson Education,cc2010. a163 p. :bill., maps ;c23 cm. aIncludes bibliographical references (p. 146-151) and index. 0aRevolutionsxHistoryy19th century. 0aFrancexHistoryyRevolution, 1789-1799. 0aFrancexHistoryyConsulate and First Empire, 1799-1815.